02125 a2200265 4500003000400000005001700004008004100021020002700062020003000089040000600119082001200125245003400137260002800171300002700199490002600226520122200252650003501474650003001509700002401539830003201563856008201595942003601677999001901713952012701732OSt20180116192351.0120605t 2007xxu||||| |||| 00| 0 eng d a0470034769 (paperback) a9780470034767 (paperback) c004a720.95410aMade in india /cKazi Ashraf. aLondon :bWiley,c2007. a160 p. :bill;c28 cm.1 aArchitectural design. aMade in India Guest-edited by Kazi K Ashraf The architectural and urban landscape of India is being remade in unexpected and exuberant ways. New economic growth, the infiltration of global media and technologies, and the transnational reach of the diasporic Indian have unleashed a new cultural and social dynamic. While the dynamic is most explicit and visible in the context of the Indian city, a different set of transformations is taking place in the rural milieu. Yet, as the political writer Sunil Khilnani notes, the world's sense of India, of what it stands for and what it wishes to become, seems as confused and divided today as is India's own sense of itself. It is a challenge, in these conditions, to explore how the deeply entrenched histories and traditions of India are being reimagined, and how questions of the extraordinary diversity of India are being reinterpreted in its architectural and urban landscape. AD traces this compelling story through the writings of Prem Chandavarkar, Sunil Khilnani, Anupama Kundoo, Reinhold Martin, Michael Sorkin, Anuradha Mathur and Dilip da Cunha, and others, as well as through the work of some 25 practices currently producing work on the Indian subcontinent.10aArchitecture and society9379310aArchitecturezIndia937941 aAshraf, Kazi.93795 0aArchitectural design.93796403Amazon.comuhttp://www.amazon.com/exec/obidos/ASIN/0470034769/chopaconline-20 aSADAcBKk720.954 MAD 20072ddc c352952d352952 00102ddc4070aSADAbSADAd2011-05-23l3o720.954 MAD 2007pSADA0001078r2015-05-15s2015-04-23v2653.00w2011-08-05yBK